000 00343 a2200157 4500
001 63993
020 _a8530804422
040 _cAnchieta - Pituba
100 _aMoreira, Antonio Flavio Barbosa
240 1 0 _aCurrículo
_lpor
245 1 0 _aCurrículo
300 _a143
362 0 _a1997
650 4 _aCurrículoNível superior
942 _cBK
999 _c63993
_d63993